| 000 | 01577nac a22002771u 4500 | ||
|---|---|---|---|
| 010 | _a 2006000763 | ||
| 020 | _a0521681502 (pbk.) | ||
| 020 | _a9780521681506 (pbk.) | ||
| 020 | _a0521862809 (hardback) | ||
| 020 | _a9780521862806 (hardback) | ||
| 082 | 0 | 0 |
_a341 _bS3653 |
| 090 |
_c2370 _d2370 |
||
| 100 | _aSchoenbaum, Thomas J. | ||
| 245 | 1 | 0 |
_aInternational relations : _bthe path not taken : using international law to promote world peace and security / _cThomas J. Schoenbaum. |
| 260 |
_aCambridge; _aNew York : _bCambridge University Press,2006 _c2006. |
||
| 300 |
_axv, 320 p. ; _c24 cm. |
||
| 504 | _aIncludes bibliographical references and index. | ||
| 505 | 0 | _aIntroduction : two very different wars in Iraq -- The twenty-first century : the end of history or a new beginning? -- International power politics -- A new global order based on international law and multilateralism -- Peace and security : reinventing the United Nations -- International political economy -- International environmental protection -- International human rights -- International crimes -- Conclusions. | |
| 650 | 0 | _aInternational law. | |
| 650 | 0 | _aInternational relations. | |
| 650 | 0 | _aSecurity, International. | |
| 856 | 4 | 1 |
_3Table of contents only _uhttp://www.loc.gov/catdir/toc/ecip066/2006000763.html |
| 856 | 4 | 1 |
_3Publisher description _uhttp://www.loc.gov/catdir/enhancements/fy0633/2006000763-d.html |
| 942 |
_cBB _k341 S3653 |
||
| 999 |
_c2370 _d2370 |
||